000 00841nam a2200253Ia 4500
003 OSt
005 20220923224202.0
006 a|||||r|||| 00| 0
007 ta
008 220922b |||||||| |||| 00| 0 hin d
024 _a228,093
037 _cTextual
040 _aARTS
_cARTS
_bhin
041 _2hin
_ahin
082 _aO152,1N2:g, P6
100 _aप्रेमशंकर
245 0 _aभारतीय स्वच्छदतावाद और छायावाद
246 _aBhāratīya svachchhadatāvād aur chhāyāvāda
260 _aदिल्ली
_b वाणी प्रकाशन
_c2006
300 _a320पृ.
_ccm.
650 _aहिन्दी साहित्य
_9156264
942 _hO152,1N2:g, P6
_cTEXL
_2CC
999 _c369809
_d369809